NFL Top 20 Active Receiving TD Leaders - Statistics

General Stats
  • This quiz has been taken 67 times
  • The average score is 16 of 20
Answer Stats
TDs Teams Player % Correct
105 TBB Mike Evans
96%
49 PHI A.J. Brown
95%
104 GBP Davante Adams
95%
41 MIN Justin Jefferson
95%
57 LAR Cooper Kupp
93%
68 LAC Keenan Allen
91%
70 BUF Stefon Diggs
91%
78 KAN Travis Kelce
91%
85 HOU DeAndre Hopkins
89%
47 CIN Ja'Marr Chase
89%
64 MIN Adam Thielen
88%
49 SEA DK Metcalf
86%
61 SEA Tyler Lockett
84%
82 KAN Tyreek Hill
82%
46 SFF George Kittle
75%
51 BAL Mark Andrews
61%
60 NOS Brandin Cooks
56%
55 PHI Zach Ertz
51%
40 ATL Calvin Ridley
30%
40 LAC Hunter Henry
21%
No matching quizzes found
Score Distribution
Percent of People with Each Score
Percentile by Number Answered
Your Score History
You have not taken this quiz